00341nam a2200133Ia 45000030006000000080041000060400015000471000034000622450063000962500010001592600009001695460012001780050017001900STCL150530s9999 xx 000 0 und d aSTCLcSTCL aSpinoza; Andrew Boyle; Editor aSpinozas Ethics and on the correction of the understanding aFirst c1977 aEnglish20220125171135.0